Belgian Darts Open Winners - Statistics

General Stats
  • This quiz has been taken 5 times
  • The average score is 5 of 6
Answer Stats
Year Country Winner % Correct
2020 Wales Gerwyn Price
100%
2026 England Luke Humphries
100%
2025 England Luke Littler
100%
2024 England Luke Littler
100%
2023 Netherlands Michael van Gerwen
75%
2022 England Dave Chisnall
50%
No matching quizzes found
Score Distribution
Percent of People with Each Score
Percentile by Number Answered
Your Score History
You have not taken this quiz